Impact Analysis of Different Damping Materials In Bumper Beam Assembly / (Record no. 608307)
[ view plain ]
| 000 -LEADER | |
|---|---|
| fixed length control field | 00553nam a22001457a 4500 |
| 082 ## - DEWEY DECIMAL CLASSIFICATION NUMBER | |
| Classification number | 621 |
| 100 ## - MAIN ENTRY--PERSONAL NAME | |
| Personal name | Salari ,Syed Mubashir Ullah |
| 245 ## - TITLE STATEMENT | |
| Title | Impact Analysis of Different Damping Materials In Bumper Beam Assembly / |
| Statement of responsibility, etc. | Syed Mubashir Ullah Salari |
| 264 ## - PRODUCTION, PUBLICATION, DISTRIBUTION, MANUFACTURE, AND COPYRIGHT NOTICE | |
| Place of production, publication, distribution, manufacture | Islamabad : |
| Name of producer, publisher, distributor, manufacturer | SMME- NUST; |
| Date of production, publication, distribution, manufacture, or copyright notice | 2018. |
| 300 ## - PHYSICAL DESCRIPTION | |
| Extent | 72p. ; |
| Other physical details | Soft Copy |
| Dimensions | 33cm. |
| 650 ## - SUBJECT ADDED ENTRY--TOPICAL TERM | |
| Topical term or geographic name entry element | MS Mechanical Engineering |
| 700 ## - ADDED ENTRY--PERSONAL NAME | |
| Personal name | Supervisor : Dr. Shahid Ikramullah Butt |
| 856 ## - ELECTRONIC LOCATION AND ACCESS | |
| Uniform Resource Identifier | <a href="http://10.250.8.41:8080/xmlui/handle/123456789/13029">http://10.250.8.41:8080/xmlui/handle/123456789/13029</a> |
| 942 ## - ADDED ENTRY ELEMENTS (KOHA) | |
| Source of classification or shelving scheme | |
| Koha item type | Thesis |
| Withdrawn status | Permanent Location | Current Location | Shelving location | Date acquired | Full call number | Barcode | Koha item type |
|---|---|---|---|---|---|---|---|
| School of Mechanical & Manufacturing Engineering (SMME) | School of Mechanical & Manufacturing Engineering (SMME) | Fiction | 02/27/2024 | 621 | SMME-TH-379 | Thesis |
